Materiales dentales : (Registro nro. 23479)
[ vista simple ]
| 000 -LEADER | |
|---|---|
| fixed length control field | 01668nam a2200301 4500 |
| 001 - CONTROL NUMBER | |
| control field | 0000023871 |
| 003 - CONTROL NUMBER IDENTIFIER | |
| control field | CO-CtgCURN |
| 005 - DATE AND TIME OF LATEST TRANSACTION | |
| control field | 20250528125458.0 |
| 007 - PHYSICAL DESCRIPTION FIXED FIELD--GENERAL INFORMATION | |
| fixed length control field | ta |
| 008 - FIXED-LENGTH DATA ELEMENTS--GENERAL INFORMATION | |
| fixed length control field | 160627s2012 000 0 eng d |
| 020 ## - INTERNATIONAL STANDARD BOOK NUMBER | |
| International Standard Book Number | 9786074481211 |
| 040 ## - CATALOGING SOURCE | |
| Original cataloging agency | CO-CtgCURN |
| Language of cataloging | spa |
| Transcribing agency | coctgcurn |
| 082 0# - DEWEY DECIMAL CLASSIFICATION NUMBER | |
| Classification number | 617.695 |
| Item number | H364 |
| 100 1# - MAIN ENTRY--PERSONAL NAME | |
| Personal name | Hatrick, Carol Dixon. |
| 245 10 - TITLE STATEMENT | |
| Title | Materiales dentales : |
| Remainder of title | aplicaciones clínicas / |
| Statement of responsibility, etc. | Carol Dixon Hatrick, W. Stephan Eakle, William F. Bird , traducción Martha Elena Araiza Martínez, Gabriela Rivera Castillon, Editor Martin Martínez Moreno. |
| 260 ## - PUBLICATION, DISTRIBUTION, ETC. | |
| Place of publication, distribution, etc. | Mexico : |
| Name of publisher, distributor, etc. | Manual Moderno, |
| Date of publication, distribution, etc. | 2012. |
| 300 ## - PHYSICAL DESCRIPTION | |
| Extent | xiv, 281 p. |
| 336 ## - CONTENT TYPE | |
| Source | rdacontent |
| 337 ## - MEDIA TYPE | |
| Source | rdamedia |
| Media type term | sin mediacion |
| Media type code | n |
| 338 ## - CARRIER TYPE | |
| Source | rdacarrier |
| Carrier type term | volumen |
| Carrier type code | nc |
| 504 ## - BIBLIOGRAPHY, ETC. NOTE | |
| Bibliography, etc. note | Incluye bibliografia, indice, apendice y glosario. |
| 505 8# - FORMATTED CONTENTS NOTE | |
| Formatted contents note | Introducción a los materiales dentales -- Ambiente bucal y consideraciones del paciente -- Propiedades fisicas de los materiales dentales -- Manejo general y seguridad -- Principios de adhesion -- Compuestos ionomeros de vidrio y compomeros -- Materiales preventivos y blanqueadores -- Ceramicas dentales -- Amalgamas dentales -- Metales para colado, soldaduras y aleaciones de metal para forjado -- Implantes dentales -- Abrasion, terminado y pulido -- Cementos dentales -- Materiales de impresion -- Materiales de yeso -- Polimeros para odontología protesica -- Restauraciones provisionales -- Ceras dentales |
| 650 14 - SUBJECT ADDED ENTRY--TOPICAL TERM | |
| Topical term or geographic name entry element | Materiales dentales. |
| 700 1# - ADDED ENTRY--PERSONAL NAME | |
| Personal name | Eakle, W. Stephan. |
| 908 ## - PUT COMMAND PARAMETER (RLIN) | |
| Put command parameter | 160627 |
| 942 ## - ADDED ENTRY ELEMENTS (KOHA) | |
| Koha item type | Libros |
| Classification part | 617.695 |
| Item part | H364 |
| Source of classification or shelving scheme | Dewey Decimal Classification |
| Suppress in OPAC | No |
| Withdrawn status | Lost status | Source of classification or shelving scheme | Damaged status | Not for loan | Collection | Home library | Current library | Shelving location | Date acquired | Inventory number | Total checkouts | Full call number | Barcode | Date last seen | Price effective from | Koha item type | Public note |
|---|---|---|---|---|---|---|---|---|---|---|---|---|---|---|---|---|---|
| Dewey Decimal Classification | General | Miguel Henríquez Emiliani | Miguel Henríquez Emiliani | General | 03/31/2025 | 017440 | 617.695 H364 | 017440 | 03/31/2025 | 03/31/2025 | Libros | 610-CIENME |